[Event "AUTO-ADV-1897"]
[Site "http://www.queenalice.com/game.php?id=830802"]
[Date "2010.9.10"]
[Round "1"]
[White "leduar"]
[Black "ALIGATOR"]
[Result "1-0"]
[WhiteElo "1862"]
[BlackElo "1916"]

1. e4 e5 2. Nf3 Nc6 3. Nc3 Nf6 4. Bb5 Bb4 5. O-O O-O 6. a3 Bxc3 7. dxc3 Nxe4 8.
Re1 Nd6 9. Bxc6 dxc6 10. Nxe5 Qf6 11. Qd4 Bf5 12. Nxc6 bxc6 13. Qxf6 gxf6 14.
Bf4 Rae8 15. Bh6 Rxe1+ 16. Rxe1 Re8 17. Rxe8+ Nxe8 18. Bf4 Bxc2 19. Kf1 Nd6 20.
Ke2 Kg7 21. Kd2 Bb3 22. h4 Kg6 23. Kd3 Ba4 24. c4 Bb3 25. c5 Nf5 26. g3 Ne7 27.
Bxc7 Kf5 28. Kc3 Bd5 29. Kb4 Bc4 30. Kxc4 Ke4 31. Bf4 Nd5 32. b4 a6 33. a4 Kf3
34. b5 axb5+ 35. axb5 Nxf4 36. gxf4 cxb5+ 37. Kxb5 Kxf4 38. c6 Kg4 39. c7 Kxh4
40. c8=Q h5 41. Qc4+ Kg5 42. Qxf7 f5 43. f4+ Kxf4 44. Qxh5 Ke4 45. Qh1+ Ke3 46.
Qf1 f4 47. Kc4 f3 48. Qe1+ Kf4 49. Qf2 Ke4 50. Kc3 Kf4 51. Kd3 Kg4 52. Ke3 Kh3
53. Qxf3+ Kh2 54. Qg4 Kh1 55. Kf2 1-0

[Event "AUTO-ADV-1897"]
[Site "http://www.queenalice.com/game.php?id=830803"]
[Date "2010.9.10"]
[Round "1"]
[White "ALIGATOR"]
[Black "leduar"]
[Result "0-1"]
[WhiteElo "1904"]
[BlackElo "1873"]

1. e4 e5 2. Nf3 Nc6 3. Bb5 a6 4. Bxc6 dxc6 5. O-O Bg4 6. d3 Bc5 7. Be3 Qe7 8. h3
Bh5 9. Nbd2 Bxe3 10. fxe3 O-O-O 11. Qe1 g5 12. Qg3 f6 13. h4 g4 14. Nh2 Nh6 15.
Rf2 Rhf8 16. Raf1 Rf7 17. Rf5 Nxf5 18. Rxf5 Bg6 19. Qxg4 Bxf5 20. Qxf5+ Kb8 21.
Nc4 Qd7 22. Qf3 b5 23. Na5 c5 24. Qf5 Rg8 25. Kf2 Ka7 26. Kf3 Kb6 27. Nb3 c4 28.
Qxd7 Rxd7 29. Ng4 cxb3 30. axb3 Rf8 31. Nf2 c5 32. g4 c4 33. bxc4 bxc4 34. Ke2
cxd3+ 35. cxd3 Rc7 36. Kd2 Rfc8 0-1

[Event "AUTO-ADV-1897"]
[Site "http://www.queenalice.com/game.php?id=830818"]
[Date "2010.9.10"]
[Round "1"]
[White "ALIGATOR"]
[Black "farnoud13"]
[Result "1-0"]
[WhiteElo "1896"]
[BlackElo "2012"]

1. e4 e6 2. d4 d5 3. e5 c5 4. c3 Nc6 5. Nf3 Qb6 6. dxc5 Bxc5 7. Qc2 Nge7 8. a4
a5 9. Bd3 Bd7 10. O-O Rc8 11. Na3 O-O 12. Bxh7+ Kh8 13. Bd3 d4 14. Nb5 dxc3 15.
Ng5 Nxe5 16. Be2 N5g6 17. Qd3 Rfd8 18. Nxf7+ Kg8 19. Nxd8 Rxd8 20. Qxc3 Nd5 21.
Qg3 e5 22. Bg5 Rf8 23. Rad1 Bc6 24. Qg4 Ndf4 25. Bxf4 Nxf4 26. Bc4+ Kh7 27. Qh4+
Kg6 28. Qg4+ Kh6 29. Nd6 Bd7 30. Qxd7 Bxf2+ 31. Rxf2 Ne2+ 32. Bxe2 Qxf2+ 33. Kh1
Qxe2 34. Qh3+ Kg6 35. Qg3+ Kh7 36. Qh4+ Kg8 37. Qc4+ Qxc4 38. Nxc4 e4 39. Kg1
Rf7 40. Re1 Re7 41. Re3 Re6 42. Nxa5 Rb6 43. b3 Rb4 44. Kf2 Kf7 45. Ke2 Ke6 46.
Kd2 Kd5 47. Kc3 Rb6 48. Nc4 Rc6 49. Rg3 g6 50. Rg5+ 1-0

[Event "AUTO-ADV-1897"]
[Site "http://www.queenalice.com/game.php?id=830819"]
[Date "2010.9.10"]
[Round "1"]
[White "farnoud13"]
[Black "ALIGATOR"]
[Result "1-0"]
[WhiteElo "2029"]
[BlackElo "1900"]

1. e4 e5 2. Nf3 Nc6 3. Bc4 h6 4. d4 exd4 5. Nxd4 Nxd4 6. Qxd4 c6 7. O-O b5 8.
Bb3 d6 9. e5 d5 10. Bf4 Ne7 11. Nd2 Nf5 12. Qd3 a5 13. a4 b4 14. Rfe1 Be7 15.
Rad1 g5 16. Bg3 c5 17. Bxd5 Ra7 18. Bc6+ Kf8 19. Qe4 Nxg3 20. hxg3 Qc7 21. Nc4
Bb7 22. Nxa5 Rxa5 23. Bxb7 Rxa4 24. Bc6 Ra6 25. Bb5 Re6 26. Rd7 Qb6 27. Bc4 Rg6
28. Qf5 Ke8 29. Bxf7+ 1-0

[Event "AUTO-ADV-1897"]
[Site "http://www.queenalice.com/game.php?id=830820"]
[Date "2010.9.10"]
[Round "1"]
[White "ALIGATOR"]
[Black "Parma"]
[Result "1-0"]
[WhiteElo "1889"]
[BlackElo "1855"]

1. e4 c5 2. c4 e6 3. Nf3 Be7 4. Nc3 d6 5. d4 cxd4 6. Nxd4 Nc6 7. Be3 Nxd4 8.
Bxd4 e5 9. Be3 Nf6 10. Bd3 O-O 11. O-O Be6 12. b3 Rc8 13. Nd5 Bxd5 14. exd5 b6
15. Qc1 Nxd5 16. Qb1 Nxe3 17. Bxh7+ Kh8 18. fxe3 g6 19. Bxg6 fxg6 20. Qxg6 Rf6
21. Rxf6 Bxf6 22. Rf1 Bg7 23. Rf7 Rc7 24. Qxg7# 1-0

[Event "AUTO-ADV-1897"]
[Site "http://www.queenalice.com/game.php?id=830821"]
[Date "2010.9.10"]
[Round "1"]
[White "Parma"]
[Black "ALIGATOR"]
[Result "1/2-1/2"]
[WhiteElo "1887"]
[BlackElo "1917"]

1. d4 g6 2. c4 Bg7 3. e3 e5 4. Nf3 exd4 5. Nxd4 Ne7 6. Be2 O-O 7. O-O Nbc6 8.
Nxc6 dxc6 9. Nc3 Bxc3 10. bxc3 Bf5 11. Ba3 Re8 12. Qxd8 Raxd8 13. Rad1 Rxd1 14.
Rxd1 Be6 15. Rd2 Nf5 16. c5 Ne7 17. c4 Nf5 18. h3 h5 19. Bb2 Kf8 20. Bf6 Ne7 21.
Be5 Rc8 22. a4 Ng8 23. h4 Ke7 24. a5 f6 25. Bh2 Nh6 26. f3 Nf5 27. e4 Ng7 28.
Bf4 Ne8 29. g4 hxg4 30. fxg4 Rd8 31. g5 Rxd2 32. Bxd2 fxg5 33. Bxg5+ Kf7 34. e5
Ng7 35. Bd8 Nf5 36. h5 Ng3 37. hxg6+ Kxg6 1/2-1/2

[Event "Challenge"]
[Site "http://www.queenalice.com/game.php?id=832174"]
[Date "2010.9.13"]
[Round "-"]
[White "ORNELAS"]
[Black "ALIGATOR"]
[Result "0-1"]
[WhiteElo "1718"]
[BlackElo "1887"]

1. b3 d5 2. Nf3 Nc6 3. Ng5 f6 4. Nf3 e5 5. Bb2 Bg4 6. d3 Bd6 7. Nbd2 Nge7 8. Nh4
g5 9. Ndf3 gxh4 10. Nxh4 Ng6 11. Nxg6 hxg6 12. h3 Qe7 13. a3 O-O-O 14. Qd2 d4
15. O-O-O Bxa3 16. Kb1 Bb4 17. Qc1 Bc3 18. Ba3 Nb4 19. f3 Be6 20. e4 Qc5 21. Be2
Rd6 22. g4 Ra6 23. h4 Qa5 24. g5 Qxa3 25. Qxa3 Rxa3 0-1

[Event "AUTO-OPEN-2325"]
[Site "http://www.queenalice.com/game.php?id=922352"]
[Date "2011.4.6"]
[Round "1"]
[White "ALIGATOR"]
[Black "luke6469"]
[Result "1-0"]
[WhiteElo "1888"]
[BlackElo "1620"]

1. e4 e6 2. d4 d5 3. exd5 exd5 4. Nc3 c6 5. Nf3 Bd6 6. Bd3 Ne7 7. O-O Bg4 8. Bg5
f6 9. Bh4 O-O 10. h3 Bh5 11. g4 Bf7 12. Re1 Nd7 13. Bf1 Ng6 14. Bg3 Qc7 15. Kg2
Nf4+ 16. Bxf4 Bxf4 17. Ne2 Bd6 18. Ng3 Rae8 19. Bd3 g6 20. c3 Rxe1 21. Qxe1 Re8
22. Qd2 Nf8 23. Re1 1-0

[Event "AUTO-OPEN-2325"]
[Site "http://www.queenalice.com/game.php?id=922353"]
[Date "2011.4.6"]
[Round "1"]
[White "luke6469"]
[Black "ALIGATOR"]
[Result "0-1"]
[WhiteElo "1615"]
[BlackElo "1893"]

1. e4 c5 2. d4 cxd4 3. c3 dxc3 4. Nxc3 e5 5. Nf3 Nc6 6. Bc4 h6 7. O-O Nf6 8. h3
Bb4 9. Qe2 O-O 10. Rd1 a6 11. Nd5 Nxd5 12. exd5 Nd4 13. Nxd4 exd4 14. Rxd4 Bc5
15. Rg4 d6 16. Rg3 Qf6 17. Bd2 b5 18. Bb3 Bd7 19. Rf1 Rfe8 20. Qd3 Qf5 21. Qc3
g5 22. h4 b4 0-1

[Event "AUTO-OPEN-2325"]
[Site "http://www.queenalice.com/game.php?id=922354"]
[Date "2011.4.6"]
[Round "1"]
[White "ALIGATOR"]
[Black "mahjones"]
[Result "0-1"]
[WhiteElo "1895"]
[BlackElo "2132"]

1. e4 e5 2. Nf3 Nc6 3. Bb5 a6 4. Bxc6 dxc6 5. O-O Bd6 6. d4 exd4 7. Qxd4 f6 8.
Rd1 Ne7 9. e5 fxe5 10. Nxe5 O-O 11. Bg5 Qe8 12. Nc3 Nf5 13. Qc4+ Be6 14. Qe2 h6
15. Bf4 Ne7 16. Bg3 Nd5 17. Nxd5 Bxd5 18. Re1 Rf5 19. Nd3 Qg6 0-1

[Event "AUTO-OPEN-2325"]
[Site "http://www.queenalice.com/game.php?id=922355"]
[Date "2011.4.6"]
[Round "1"]
[White "mahjones"]
[Black "ALIGATOR"]
[Result "1-0"]
[WhiteElo "2127"]
[BlackElo "1902"]

1. e4 d6 2. d4 c5 3. Nf3 cxd4 4. Nxd4 Nf6 5. Nc3 Nc6 6. Be2 e5 7. Nb3 Be7 8. O-O
O-O 9. Be3 Be6 10. Qd2 b6 11. Rfd1 Qc7 12. f3 a6 13. Nd5 Bxd5 14. exd5 Na5 15.
Nxa5 bxa5 16. c4 Rfc8 17. b3 e4 18. fxe4 Nxe4 19. Qd3 Nc5 20. Qf5 1-0

[Event "AUTO-OPEN-2325"]
[Site "http://www.queenalice.com/game.php?id=922356"]
[Date "2011.4.6"]
[Round "1"]
[White "ALIGATOR"]
[Black "jbumgarjr"]
[Result "1-0"]
[WhiteElo "1898"]
[BlackElo "1382"]

1. Nf3 d5 2. d4 Nc6 3. Bf4 e6 4. e3 Bb4+ 5. c3 Ba5 6. Qa4 Bb6 7. Bb5 Bd7 8. Na3
a6 9. Bxc6 Bxc6 10. Qc2 Qd7 11. Ne5 Qe7 12. Nxc6 bxc6 13. Qa4 Nf6 14. Qxc6+ Kd8
15. Qxa8+ 1-0

[Event "AUTO-OPEN-2325"]
[Site "http://www.queenalice.com/game.php?id=922357"]
[Date "2011.4.6"]
[Round "1"]
[White "jbumgarjr"]
[Black "ALIGATOR"]
[Result "0-1"]
[WhiteElo "1364"]
[BlackElo "1900"]

1. d4 d5 2. Nf3 Nc6 3. e3 Bg4 4. h3 Bh5 5. g4 Bg6 6. Bb5 e6 7. Ne5 Bd6 8. Nxc6
bxc6 9. Bxc6+ Ke7 10. Bxa8 Qxa8 11. Nd2 Nf6 12. b3 Qc6 13. c4 dxc4 14. Nxc4
Qxh1+ 15. Ke2 Qxh3 16. Bb2 Qxg4+ 17. Kd2 Ne4+ 18. Ke1 Qg1+ 19. Ke2 Qxf2+ 20. Kd3
Bb4 0-1

[Event "AUTO-OPEN-2364"]
[Site "http://www.queenalice.com/game.php?id=939086"]
[Date "2011.5.17"]
[Round "1"]
[White "ALIGATOR"]
[Black "PlinioSalgado"]
[Result "0-1"]
[WhiteElo "1898"]
[BlackElo "2216"]

1. e4 c5 2. Nf3 e6 3. Be2 d6 4. O-O Nc6 5. d4 cxd4 6. Nxd4 Nf6 7. Bg5 Be7 8.
Nxc6 bxc6 9. Bf3 O-O 10. e5 Nd5 11. Bxd5 cxd5 12. Bxe7 Qxe7 13. exd6 Qxd6 14. c4
Bb7 15. Nc3 d4 16. f3 Qc5 17. Ne4 Bxe4 18. fxe4 d3+ 19. Kh1 Qxc4 20. b3 Qxe4 21.
Re1 Qf5 22. Re3 Rad8 23. Rf3 Qb5 24. Qd2 e5 25. Rd1 e4 0-1

[Event "AUTO-OPEN-2364"]
[Site "http://www.queenalice.com/game.php?id=939087"]
[Date "2011.5.17"]
[Round "1"]
[White "PlinioSalgado"]
[Black "ALIGATOR"]
[Result "1-0"]
[WhiteElo "2256"]
[BlackElo "1865"]

1. e4 e5 2. Nf3 Nc6 3. Bc4 h6 4. Nc3 Nf6 5. d3 Bc5 6. Be3 Bxe3 7. fxe3 Na5 8.
Nxe5 Nxc4 9. Nxc4 O-O 10. O-O a6 11. e5 Nh7 12. e4 b5 13. Ne3 Re8 14. Qh5 Rf8
15. Nf5 Qg5 16. Qxg5 Nxg5 17. Nd5 c6 18. Nde7+ Kh7 19. Nd6 a5 20. Nexc8 Raxc8
21. Nxc8 Rxc8 22. h4 Ne6 23. Rxf7 Rd8 24. Raf1 Kg6 25. R1f5 Nd4 26. h5+ Kh7 27.
Rf8 Rxf8 28. Rxf8 Nxc2 29. Rf7 Nb4 30. Rxd7 Nxa2 31. e6 1-0

[Event "AUTO-OPEN-2364"]
[Site "http://www.queenalice.com/game.php?id=939088"]
[Date "2011.5.17"]
[Round "1"]
[White "ALIGATOR"]
[Black "geert"]
[Result "0-1"]
[WhiteElo "1895"]
[BlackElo "1541"]

1. e4 e5 2. Nf3 d6 3. Bc4 h6 4. d4 exd4 5. Nxd4 Be7 6. O-O Nf6 7. Nf5 O-O 8.
Nxe7+ Qxe7 9. Re1 Ng4 10. f4 Be6 11. Bxe6 fxe6 12. Qxg4 Nc6 13. Nc3 Nd4 14. Qd1
c5 15. Be3 Rac8 16. Bxd4 cxd4 17. Qxd4 b6 18. e5 d5 19. Re3 Qh4 20. Rf1 Rc4 21.
Qd2 Rcxf4 22. Rxf4 Qxf4 23. Qe2 Qb4 24. Qb5 Qd4 25. Qd3 Qb4 26. Qb5 Qf4 0-1

[Event "AUTO-OPEN-2364"]
[Site "http://www.queenalice.com/game.php?id=939089"]
[Date "2011.5.17"]
[Round "1"]
[White "geert"]
[Black "ALIGATOR"]
[Result "0-1"]
[WhiteElo "1518"]
[BlackElo "1841"]

1. d4 d5 2. e3 Nf6 3. c4 e6 4. c5 b6 5. b4 Be7 6. Bd3 O-O 7. Nf3 a5 8. bxa5 bxc5
9. dxc5 Bxc5 10. Bd2 Nc6 11. O-O Nxa5 12. Qa4 Bd7 13. Qc2 Bb6 14. Ne5 c5 15. Nc3
c4 16. Be2 Bc7 17. Nf3 Nc6 18. Rfb1 Rb8 19. Na4 Ne4 20. Rxb8 Bxb8 21. Rb1 Nxd2
22. Nxd2 Ne5 23. Nc5 Ba7 24. Nxd7 Qxd7 25. Rd1 Rc8 26. Nxc4 Qc7 27. Qa4 Nxc4 28.
Bxc4 Qxc4 29. Qxa7 Qe2 30. Qa4 g6 31. g3 Rc2 32. Rf1 Rxa2 33. Qe8+ Kg7 34. Qc6
Rc2 35. Qa4 Qc4 36. Qa1+ Qc3 37. Qxc3+ Rxc3 38. Re1 Kf6 39. Kg2 Ke5 40. Rd1 f5
41. Kf1 h5 42. h4 Rc4 43. Ke2 Rc2+ 44. Kf3 Ra2 45. Rd4 Kf6 46. Kg2 Ke5 47. Kf3
Kd6 48. Rb4 Ke5 49. Rb5 Ra4 50. Rb6 d4 51. exd4+ Rxd4 52. Ke3 Ra4 0-1

[Event "AUTO-OPEN-2364"]
[Site "http://www.queenalice.com/game.php?id=939090"]
[Date "2011.5.17"]
[Round "1"]
[White "ALIGATOR"]
[Black "RDario"]
[Result "0-1"]
[WhiteElo "1844"]
[BlackElo "1755"]

1. e4 e6 2. d4 c5 3. Nf3 cxd4 4. Bd3 Nc6 5. O-O e5 6. b3 Nf6 7. Bb2 Be7 8. Bb5
Nxe4 9. Bxc6 dxc6 10. Nxe5 O-O 11. Qxd4 Qxd4 12. Bxd4 Bf6 13. Nf3 Bxd4 14. Nxd4
c5 15. Ne2 Bf5 16. f3 Nf6 17. c4 Rfe8 18. Ng3 Bd3 19. Rc1 h5 20. Nd2 h4 21. Ngf1
Nh5 22. Rc3 Bxf1 23. Kxf1 Re5 24. Ne4 Rae8 25. Rd1 f5 26. Nd6 R8e7 27. Nb5 Re2
28. a4 Nf4 29. g3 hxg3 30. hxg3 Nh5 31. g4 fxg4 32. fxg4 Nf4 33. Rf3 g5 34. Nd6
Rb2 35. Nf5 Ree2 36. Ne7+ Kf7 37. Nd5 Rh2 38. Kg1 Rbg2+ 0-1

[Event "AUTO-OPEN-2364"]
[Site "http://www.queenalice.com/game.php?id=939091"]
[Date "2011.5.17"]
[Round "1"]
[White "RDario"]
[Black "ALIGATOR"]
[Result "1-0"]
[WhiteElo "1720"]
[BlackElo "1863"]

1. g4 d5 2. Bg2 Nc6 3. g5 e5 4. d3 Be6 5. Nf3 Bd6 6. Nc3 Bb4 7. Bd2 f5 8. gxf6
Nxf6 9. e4 dxe4 10. Nxe4 Bxd2+ 11. Nexd2 Qd6 12. Ng5 O-O-O 13. h4 h6 14. Nxe6
Qxe6 15. Bh3 Rhe8 16. Bxe6+ Rxe6 17. Qe2 Nd4 18. Qd1 Rc6 19. c3 Nb5 20. Nf3 e4
21. Ne5 Re6 22. d4 Rxe5 23. Qb3 Rh5 24. Rg1 Rd7 25. O-O-O Nd6 26. Qe6 Nfe8 27.
Rg4 g5 28. c4 gxh4 29. Rg8 Kd8 30. c5 Re7 31. Qg6 Rg5 32. cxd6 Rg7 33. Rxe8+ Kd7
34. Qe6+ 1-0